FUNDAMENTALS OF IRRIGATION ENGINEERING (Record no. 5525)

MARC details
000 -LEADER
fixed length control field 00390nam a22001457a 4500
005 - DATE AND TIME OF LATEST TRANSACTION
control field 20170811112036.0
008 - FIXED-LENGTH DATA ELEMENTS--GENERAL INFORMATION
fixed length control field 170811b xxu||||| |||| 00| 0 eng d
020 ## - INTERNATIONAL STANDARD BOOK NUMBER
ISBN 978-81-85240-64-0
041 ## - LANGUAGE CODE
Language code of text/sound track or separate title eng
100 ## - MAIN ENTRY--AUTHOR NAME
Personal name SINGH, BHARAT.
245 ## - TITLE STATEMENT
Title FUNDAMENTALS OF IRRIGATION ENGINEERING
Statement of responsibility, etc BHARAT SINGH
260 ## - PUBLICATION, DISTRIBUTION, ETC. (IMPRINT)
Place of publication INDIA
Name of publisher NEM CHAND AND BROS ROORKEE
Year of publication 2017
300 ## - PHYSICAL DESCRIPTION
Number of Pages 616
942 ## - ADDED ENTRY ELEMENTS (KOHA)
Koha item type Books
Holdings
Lost status Damaged status Home library Current library Shelving location Date acquired Source of acquisition Cost, normal purchase price Accession Number Koha item type
    JRU Library   SHELF-6-C 11/08/2017 PURCHESS 275.00 21841 Books
    JRU Library   SHELF-43-B 11/08/2017 PURCHESS 275.00 21842 Books